GYM-Festival Trnava 2007 oslávi jubileum - s našou kompletnou špičkou

Bibliographic Details
Format: Article
Language:Slovak
Subjects:

MARC

LEADER 00000nab a2200000 ar4500
001 vtls008999315
003 SK-MaSNL
005 20260303213629.0
008 070616c20070607xo mr|p|||||||000 b|slo
015 |a SNKBUCL2007/06  |2 snkbucl 
038 |a SNKBUCL 
040 |a SNKBUCL  |b slo  |c SNKBUCL  |e AACR2 
041 0 |a slo 
044 |a xo  |c SK 
080 |a 796.41.093.1  |2 2001 
245 0 0 |a GYM-Festival Trnava 2007 oslávi jubileum - s našou kompletnou špičkou  |c [autor] (ptr) 
611 2 7 |a GYM-Festival  |d (2007 :  |c Trnava, Slovensko)  |2 snkbucl  |9 1247785 
650 0 7 |a športová gymnastika  |2 snkbucl  |9 769 
773 0 |t Šport  |g Roč. 61, č. 132 (9.6.2007), s. 32  |x 0139-7001 
852 |a SNK  |b KIS3GCP 
999 |c 2213021  |d 2214951